| 000 | 01038cam a2200289 a 4500 | ||
|---|---|---|---|
| 005 | 20260322212035.0 | ||
| 008 | data | ||
| 010 | _a 2007026639 | ||
| 020 | _a9780525950073 | ||
| 020 | _a0525950079 | ||
| 040 |
_aDLC _cDLC _dDLC _dBTCTA _dBAKER _dIK2 _dYDXCP _dJTE _dVP@ _dIXA _dHAC _dNLGGC _dDLC |
||
| 043 | _ae-uk-en | ||
| 050 | 0 | 0 |
_aPR6056.O45 _bW67 2007 |
| 082 | 0 | 0 |
_a823/.914 _222 |
| 084 |
_a18.05 _2bcl |
||
| 099 | _aFOLLEK | ||
| 100 | 1 | _aFollett, Ken. | |
| 245 | 1 | 0 |
_aWorld without end / _cKen Follett. |
| 260 |
_aNew York, N.Y. : _bDutton, _cc2007. |
||
| 300 |
_a1014 p. ; _c25 cm. |
||
| 650 | 0 |
_aBlack Death _zEngland _vFiction. |
|
| 651 | 0 |
_aGreat Britain _xHistory _y14th century _vFiction. |
|
| 655 | 7 |
_aHistorical fiction. _2gsafd |
|
| 856 | 4 | 2 |
_3Contributor biographical information _uhttp://www.loc.gov/catdir/enhancements/fy0827/2007026639-b.html |
| 856 | 4 | 2 |
_3Publisher description _uhttp://www.loc.gov/catdir/enhancements/fy0827/2007026639-d.html |
| 001 | data | ||
| 999 |
_c811 _d811 |
||